| 000 | 01356nam a2200229Ia 4500 | ||
|---|---|---|---|
| 999 |
_c40114 _d40114 |
||
| 001 | 6720 | ||
| 003 | GE_BSU | ||
| 005 | 20190624145153.0 | ||
| 008 | 181216s1986|||| |||||||||||||| ||geo|| | ||
| 041 | _ageo | ||
| 080 | _a621.311(076) მ-50 | ||
| 245 |
_aმეთოდური მითითებები საკურსო და სადიპლომო პროექტის შესასრულებლად თბოელექტროსადგურების კურსში / _cშემდგ : მ.ყიფშიძე ; ო.ვეზირიშვილი ; ვ.გოცირიძე ; რედ : მ.ძიძიგური. |
||
| 264 |
_aთბილისი : _bსპი, _c1986. |
||
| 300 |
_a74 გვ .: _bილ ; ცხრ.12. _c23 სმ. |
||
| 504 | _aბიბლიოგრ.: გვ.73. | ||
| 653 | _aსადიპლომო სამუშაო თბოელექტროსადგურების კურსში | ||
| 700 |
_aყიფშიძე, მ _eშემდგენელი _92318 |
||
| 700 |
_aვეზირიშვილი, ო _eშემდგენელი _92511 |
||
| 700 |
_aგოცირიძე, ვ _eშემდგენელი _92810 |
||
| 700 |
_aძიძიგური, მ _eრედაქტორი _9472 |
||
| 942 |
_cBK _2udc |
||